Objecin̤ de Conciencia en la prestacin̤ Servicio Militar Obligatorio

Bibliographic Details
Main Author: Delgado Melo, Mario Ivǹ
Format: eBook
Language:Spanish
Published: Madrid: Editorial Acadm̌ica Espaǫla, 2019
Subjects:
Online Access:Acceso restringido

MARC

LEADER 00000nam a22000007a 4500
005 20191009132310.0
007 cr|||| ||||
008 191009s2019 es |||||s|||| 00||0 spa d
020 |a 9786139438228 
035 |a 29623 
040 |a vLex 
090 |c 9750  |d 9750 
100 1 |a Delgado Melo, Mario Ivǹ 
245 1 0 |a Objecin̤ de Conciencia en la prestacin̤ Servicio Militar Obligatorio  |h [Recurso electrn̤ico] /  |c Mario Ivǹ Delgado Melo 
256 |a Servicio en ln̕ea 
260 |a Madrid:  |b Editorial Acadm̌ica Espaǫla,  |c 2019 
300 |a 1 recurso electrn̤ico 
500 |a El presente libro busca a travš de un anl̀isis y evolucin̤ jurisprudencial blindar el concepto denominado OBJECIÓN DE CONCIENCIA, pues es un derecho eminentemente humano - fundamental al cual se puede acceder si se cumplen los requisitos formales y si la realidad permite evidenciarlo, antecediendo a cualquier evento, una negacin̤ pacifica de cumplir un deber normativo por ende legal, por motivos inherentes al pensamiento, religin̤ o creencia. La Objecin̤ de Conciencia se encuentra ligada al derecho a la intimidad y a la libertad, de ah,̕ que debera̕ dr̀sele el mismo tratamiento, adems̀ de partir de la presuncin̤ de buena fe de quien la promueve, porque desde el punto de vista formal, se logra establecer que por regla general prevalece la obligatoriedad del servicio militar a las ideas, opiniones, pensamientos y creencias intimas, debiňdose demostrar la autenticidad de la objecin̤, ya que ciertamente algunas personas buscan excusas para no prestar su servicio militar. 
506 1 |a Disponible solo en los productos indicados  |d vLex Global  |d vLex Global (Academic Edition, excluding Law Schools)  |d vLex Global (U.S. Academic Edition, Law Schools)  |d vLex Global (U.S. Academic Edition, excluding Law Schools)  |d vLex Global (Academic Edition, Law Schools) 
650 0 4 |a Derecho Pb︢lico y Administrativo  |z Espaą 
740 0 |a vLex Libros (Servicio en ln̕ea) 
856 4 0 |u http://vlex.com/source/29623  |z Acceso restringido 
942 |c BOOK 
999 0 |a Public and Administrative Law